Paragon Mortgages buy-to-let index (Record no. 106356)
[ view plain ]
| 000 -LEADER | |
|---|---|
| fixed length control field | 02165cam a2200229 4500 |
| 001 - CONTROL NUMBER | |
| control field | L136289 |
| 008 - FIXED-LENGTH DATA ELEMENTS--GENERAL INFORMATION | |
| fixed length control field | 070123n2006 000 0 eng u |
| 035 ## - SYSTEM CONTROL NUMBER | |
| System control number | (Sirsi) u136289 |
| 041 0# - LANGUAGE CODE | |
| Language code of text/sound track or separate title | eng |
| 050 04 - LIBRARY OF CONGRESS CALL NUMBER | |
| Classification number | 332.6324 $2 18 |
| 110 2# - MAIN ENTRY--CORPORATE NAME | |
| Corporate name or jurisdiction name as entry element | Paragon Mortgages |
| 9 (RLIN) | 4976 |
| 245 00 - TITLE STATEMENT | |
| Title | Paragon Mortgages buy-to-let index |
| Remainder of title | December 2006 |
| Medium | [electronic resource] |
| 260 ## - PUBLICATION, DISTRIBUTION, ETC. | |
| Place of publication, distribution, etc. | Solihull |
| Name of publisher, distributor, etc. | Paragon Mortgages |
| Date of publication, distribution, etc. | 2006 |
| 490 #0 - SERIES STATEMENT | |
| Series statement | Paragon Mortgages Buy-to-Let Index |
| Volume/sequential designation | December 2006 |
| 505 ## - FORMATTED CONTENTS NOTE | |
| Formatted contents note | Highlights -- Averages -- Rental yield average for England and Wales -- Property value and rental income average for England and Wales -- Landlord property value, rental value, yield and percentage change by region -- Landlord property yields by region -- Landlord property values by region -- Landlord rental incomes by region -- Landlord property value, rental value, yield and percentage change by property type |
| 520 ## - SUMMARY, ETC. | |
| Summary, etc. | The average property value of an average property in England and Wales has risen 5.0% over the last 12 months from £154 568 to £162 304 this month. Over the past year the top performing regions by rising property values are the West Midlands (17.4%), the South East (11.3%) and Greater London (11.2%). For the third consecutive month rental yields remain at 6.0%. Regions with the highest yields are Wales (6.4%), the South West (6.3%) and the North West (6.3%). Total returns across the UK have reached 11.4% in November, up from 7.6% 12 months ago. Regionally the West Midlands (24.5%) tops the list in terms of overall returns over a 12-month period followed by the South East (17.6%) and Greater London (17.2%). Average rental incomes have eased slightly this month to £9 665. Regions leading the way are the South East (up 4.4%), the West Midlands (up 3.6%) and Greater London (up 3.5%). Graphs and tables. |
| 650 24 - SUBJECT ADDED ENTRY--TOPICAL TERM | |
| Topical term or geographic name entry element | PARAGON MORTGAGES BUY-TO-LET INDEX |
| 651 #4 - SUBJECT ADDED ENTRY--GEOGRAPHIC NAME | |
| Geographic name | England and Wales |
| Chronological subdivision | 1543- |
| 690 ## - LOCAL SUBJECT ADDED ENTRY--TOPICAL TERM (OCLC, RLIN) | |
| Topical term or geographic name as entry element | PROPERTY-RESIDENTIAL PROPERTY-RESIDENTIAL PROPERTY MARKET |
| 856 ## - ELECTRONIC LOCATION AND ACCESS | |
| Uniform Resource Identifier | <a href="https://www.paragon-mortgages.co.uk/Files/PML/BTL%20Index/2006-12%20BTL%20Index.pdf">https://www.paragon-mortgages.co.uk/Files/PML/BTL%20Index/2006-12%20BTL%20Index.pdf</a> |
| Public note | View the item free of charge at www.paragon-mortgages.co.uk |
| 942 ## - ADDED ENTRY ELEMENTS (KOHA) | |
| Suppress in OPAC | 0 |
| Withdrawn status | Lost status | Source of classification or shelving scheme | Damaged status | Not for loan | Home library | Current library | Shelving location | Date acquired | Total Checkouts | Full call number | Barcode | Date last seen | Copy number | Price effective from | Koha item type |
|---|---|---|---|---|---|---|---|---|---|---|---|---|---|---|---|
| Dewey Decimal Classification | Virtual | Virtual | Online | 23/01/2007 | ONLINE PUBLICATION | 136289-1001 | 06/08/2019 | 1 | 06/08/2019 | Book |